Govt. of
Madhya Pradesh

प्राचीन भारत में जनतंत्र (Record no. 22815)

MARC details
000 -LEADER
fixed length control field 005900000a22001810004500
003 - CONTROL NUMBER IDENTIFIER
control field MACL
005 - DATE AND TIME OF LATEST TRANSACTION
control field 20160608162222.0
008 - FIXED-LENGTH DATA ELEMENTS--GENERAL INFORMATION
fixed length control field 160608b xxu||||| |||| 00| 0 eng d
040 ## - CATALOGING SOURCE
Original cataloging agency MACL
Transcribing agency MACL
041 ## - LANGUAGE CODE
Language code of text/sound track or separate title Hindi
082 ## - DEWEY DECIMAL CLASSIFICATION NUMBER
Classification number 934
100 ## - MAIN ENTRY--PERSONAL NAME
Personal name शुक्‍ल, देवी दत्‍त
9 (RLIN) 63211
245 ## - TITLE STATEMENT
Title प्राचीन भारत में जनतंत्र
Statement of responsibility, etc. देवी दत्‍त शुक्‍ल
260 ## - PUBLICATION, DISTRIBUTION, ETC. (IMPRINT)
Name of publisher, distributor, etc. हिन्‍दी समिति
Date of publication, distribution, etc. 1966
Place of publication, distribution, etc. लखनउ
350 ## - PRICE (NR) (BK AM CF MU VM SE) [OBSOLETE]
Price 5.50
650 ## - SUBJECT ADDED ENTRY--TOPICAL TERM
Topical term or geographic name as entry element History
9 (RLIN) 63212
942 ## - ADDED ENTRY ELEMENTS (KOHA)
Koha item type Hindi Books
Call number prefix 934
Source of classification or shelving scheme
Holdings
Withdrawn status Lost status Source of classification or shelving scheme Damaged status Not for loan Home library Current library Date acquired Cost, normal purchase price Total Checkouts Total Renewals Full call number Barcode Date last seen Date last checked out Uniform Resource Identifier Price effective from Koha item type
          MACL MACL 15/04/2015 5.50 2 1 934 CRH001404 13/09/2015 13/09/2015 22767 15/04/2015 Books